000
00319nam a22001457a 4500
008
210308b ||||| |||| 00| 0 eng d
020
_a
0387900624
041
_a
eng
080
_a
51
082
_a
51
100
_a
37
101
_a
MAT
245
_a
Functions of One Complex Variable
_c
Conway, J.B
942
_2
udc
_c
BK
999
_c
55919
_d
55919